000 00368nam a22001577a 4500
005 20160526120012.0
008 160526b xxu||||| |||| 00| 0 eng d
020 _a81-7881-068-9
041 _aeng
082 _b5191
245 _aProject Management (Vol-1)
260 _aNew Delhi
_bAcademic Faundation
300 _a192
650 _aManagement
_9241
942 _cBK
999 _c1819
_d1818